000 02063cam a22002897a 4500
001 14887903
003 OSt
005 20220817121943.0
008 070612s2007 mou f 000 0 eng d
020 _a9780323031592
020 _a0323031595
040 _cLC
050 0 0 _aRT51.P365
100 _aCastaldi, Patricia A.
_9197
245 1 0 _aSkills performance checklists to accompany clinical nursing skills & techniques
_cPatricia A. Castaldi, Anne Griffin Perry.
250 _a6th ed.
260 _aSt. Louis, Missouri:
_bMosby Elsevier,
_c2005.
300 _ax, 515 p. ;
_c28 cm.
505 _aContents: Admitting, transfer and discharge -- Communication -- Reporting and recording -- Safety -- Disaster preparedness -- Comfort -- End of life care/palliative care -- Medical asepsis -- Sterile technique -- Body mechanics, transfer and positioning -- Exercise and ambulation -- Orthopedic measures -- Support surfaces and special beds -- Personal hygiene and bed making -- Pressure ulcer care -- Care of the eye and ear prostheses -- Vital signs -- Health history and physical examination -- Preparing for medication administration -- Oral and topical medications -- Parenteral medications -- Oxygen therapy -- Performing chest physiotherapy -- Airway management -- Closed chest drainage systems -- Emergency measures for life support -- Intravenous therapy -- Blood transfusions -- Oral nutrition -- Enteral nutrition -- Parenteral nutrition -- Urinary elimination -- Bowel elimination and gastric intubation -- Ostomy care -- Preoperative and postoperative care -- Intraoperative care -- Wound care and irrigations -- Dressings -- Binders and bandages -- Hot and cold therapy -- Home care safety -- Home care teaching -- Specimen collection -- Diagnostic procedures --
650 _aNursing
_9102
650 _aNursing care
_9105
650 _aNursing
_9102
700 _aPerry, Anne Griffin
_9110
942 _2lcc
_cBK
999 _c9152
_d16652